Southville International School and Colleges
Your cart is empty.
  • Cart
  • Lists
    Public lists Eva Luna New books Lux_list list_1
    Your lists Log in to create your own lists
  • Log in to your account
  • Your cookies
  • Search history
Southville International School and Colleges
  • Advanced search
  • Recent comments
  • Most popular
  • Libraries

Log in to your account

Log in with GOOGLE


If you do not have an external account, but do have a local account, you can still log in:

  1. Home
  2. MARC view: Using film and media in the language classroom
Normal view MARC view ISBD view

Using film and media in the language classroom (Record no. 365855)

[ view plain ]
MARC details
000 -LEADER
fixed length control field 00634nam a22001817a 4500
003 - CONTROL NUMBER IDENTIFIER
control field 0
005 - DATE AND TIME OF LATEST TRANSACTION
control field 20240111143328.0
008 - FIXED-LENGTH DATA ELEMENTS--GENERAL INFORMATION
fixed length control field 240111b xxu||||| |||| 00| 0 eng d
020 ## - INTERNATIONAL STANDARD BOOK NUMBER
International Standard Book Number 978-1-78892-447-4
050 ## - LIBRARY OF CONGRESS CALL NUMBER
Classification number P 53.2
Item number Us85 2019
100 ## - MAIN ENTRY--PERSONAL NAME
Personal name Herrero, Carmen
245 ## - TITLE STATEMENT
Title Using film and media in the language classroom
Statement of responsibility, etc Carmen Herrero
260 ## - PUBLICATION, DISTRIBUTION, ETC. (IMPRINT)
Place of publication, distribution, etc Blue Ridge Summit
Name of publisher, distributor, etc Multilingual Matters
Date of publication, distribution, etc c2019.
300 ## - PHYSICAL DESCRIPTION
Extent xxii, 209 pages ;
Dimensions 25 cm.
504 ## - BIBLIOGRAPHY, ETC. NOTE
Bibliography, etc Includes bibliographical references, index, and glossary.
650 ## - SUBJECT ADDED ENTRY--TOPICAL TERM
Topical term or geographic name as entry element Language and languages--Study and teaching--Audio visual--Audio visual aids.
942 ## - ADDED ENTRY ELEMENTS (KOHA)
Source of classification or shelving scheme Library of Congress Classification
Koha item type Books
Holdings
Withdrawn status Lost status Source of classification or shelving scheme Damaged status Home library Current library Shelving location Date acquired Source of acquisition Sub Shelving location Total Checkouts Full call number Barcode Date last seen Price effective from Koha item type
    Library of Congress Classification   College Library College Library Reserve Section 01/11/2024 Library Fund     P 53.2 Us85 2019 C23244 01/11/2024 01/11/2024 Books

Using film and media in the language classroom

APA

Herrero C., . (2019). Using film and media in the language classroom. Blue Ridge Summit: Multilingual Matters.

Chicago

Herrero Carmen, . 2019. Using film and media in the language classroom. Blue Ridge Summit: Multilingual Matters.

Harvard

Herrero C., . (2019). Using film and media in the language classroom. Blue Ridge Summit: Multilingual Matters.

MLA

Herrero Carmen, . Using film and media in the language classroom. Blue Ridge Summit: Multilingual Matters. 2019.

  • Place hold
  • Print
  • Cite
  • Add to your cart (remove)
  • Save record
    BIBTEX Dublin Core MARCXML MARC (non-Unicode/MARC-8) MARC (Unicode/UTF-8) MARC (Unicode/UTF-8, Standard) MODS (XML) RIS
  • More searches
    Search for this title in:
    Other Libraries (WorldCat) Other Databases (Google Scholar) Online Stores (Bookfinder.com) Open Library (openlibrary.org)

Exporting to Dublin Core...

SOUTHVILLE LIBRARY

Southville International School and Colleges Library

1281 Tropical Ave. Cor. Luxembourg St., BF Homes International, Las Pinas City

Tel. No. 8256374 / 252358 Loc. 117/146

Powered by Koha